| 000 | 00505nam a2200181Ia 4500 | ||
|---|---|---|---|
| 008 | 230524s9999 xx 000 0 und d | ||
| 020 | _a9788173716973 | ||
| 082 | _bKOE | ||
| 100 |
_aO H Koenigsberger _942842 |
||
| 245 | 0 | _aManual of Tropical Housing and Building climatic Design | |
| 250 | _a2 | ||
| 260 |
_aNew Delhi _bNew Age Pub _c2016 |
||
| 300 | _a"XV,271p;" | ||
| 500 | _aQuantity Number: 1 | ||
| 650 | _aCivil | ||
| 700 |
_a",T G Ingersoll,Alan Mayhew , S V Szokolay" _942843 |
||
| 942 | _cBK | ||
| 999 |
_c57817 _d57817 |
||